Slovensko nemá inú reálnu voľbu
Výber zo štúdie Petra Baláža a kol., vedúceho katedry medzinárodného obchodu OF EU napísanej na okraj výsledkov výskumnej úlohy Zhodnotenie dopadov vstupu Slovenska do EÚ na výkonnosť a konkurencieschopnosť slovenskej ekonomiky. Úlohy priemyselnej politiky, vývoj odvetví priemyslu, konkurenčná schop...
Saved in:
| Main Author: | |
|---|---|
| Other Authors: | , , , |
| Format: | Book Chapter |
| Language: | Slovak |
| Subjects: | |
| Tags: |
No Tags, Be the first to tag this record!
|
MARC
| LEADER | 00000naa a2200000 4500 | ||
|---|---|---|---|
| 001 | r046504 | ||
| 005 | 20230825103700.4 | ||
| 041 | 0 | |a slo | |
| 044 | |a SK | ||
| 245 | 1 | 0 | |a Slovensko nemá inú reálnu voľbu |c Peter Baláž, Beáta Šaková, Heda Hansenová, Miloslav Rosenberg, Peter Knapik |
| 520 | |a Výber zo štúdie Petra Baláža a kol., vedúceho katedry medzinárodného obchodu OF EU napísanej na okraj výsledkov výskumnej úlohy Zhodnotenie dopadov vstupu Slovenska do EÚ na výkonnosť a konkurencieschopnosť slovenskej ekonomiky. Úlohy priemyselnej politiky, vývoj odvetví priemyslu, konkurenčná schopnosť odvetví. Výdavky na výskum a vývoj. Potreba rastu exportnej výkonnosti slovenskej ekonomiky. | ||
| 610 | 2 | 0 | |a situácia hospodárska |
| 610 | 2 | 0 | |a transformácia |
| 610 | 2 | 0 | |a politika priemyselná |
| 610 | 2 | 0 | |a konkurencieschopnosť |
| 610 | 2 | 0 | |a obchod zahraničný |
| 610 | 2 | 0 | |a Slovensko |
| 610 | 2 | 0 | |a Európska únia |
| 100 | 1 | |a Baláž, Peter | |
| 700 | 1 | |a Šaková, Beáta | |
| 700 | 1 | |a Hansenová, Heda | |
| 700 | 1 | |a Rosenberg, Miloslav | |
| 700 | 1 | |a Knapik, Peter | |